Plant Pathology : (Record no. 68652)
[ view plain ]
| 000 -LEADER | |
|---|---|
| fixed length control field | 00657nam a2200229 a 4500 |
| 001 - CONTROL NUMBER | |
| control field | 68652 |
| 003 - CONTROL NUMBER IDENTIFIER | |
| rucl marc code | BD-RjUL |
| 005 - DATE AND TIME OF LATEST TRANSACTION | |
| control field | 20211209081809.0 |
| 008 - FIXED-LENGTH DATA ELEMENTS--GENERAL INFORMATION | |
| fixed length control field | 170404s1960 nyua|||| b||| 001 0 eng d |
| 035 ## - SYSTEM CONTROL NUMBER | |
| System control number | (BD-RjUL)68862 |
| 040 ## - CATALOGING SOURCE | |
| Original cataloging agency | BD-RjUL |
| Language of cataloging | eng |
| Transcribing agency | BD-RjUL |
| 041 ## - LANGUAGE CODE | |
| Language code of text/sound track or separate title | eng |
| 082 ## - DEWEY DECIMAL CLASSIFICATION NUMBER | |
| Edition number | 23 |
| Classification number | 571.92 |
| Author mark and year | PLA 1960 |
| 245 ## - TITLE STATEMENT | |
| Title | Plant Pathology : |
| Remainder of title | An Advanced Treatise / |
| Statement of responsibility, etc. | J. G.Horsfall and A.E. Dimond. |
| 300 ## - PHYSICAL DESCRIPTION | |
| Pagination | xiii, 675 p. : |
| Illustrations | ill. ; |
| Size | 24 cm. |
| 504 ## - BIBLIOGRAPHY, ETC. NOTE | |
| Bibliography, etc | Includes Bibliographies and Indexes |
| 505 ## - FORMATTED CONTENTS NOTE | |
| Formatted contents note | Vol. 3 -- |
| 650 ## - SUBJECT ADDED ENTRY--TOPICAL TERM | |
| Topical term or geographic name as entry element | Plant diseases |
| 9 (RLIN) | 203480 |
| 700 ## - ADDED ENTRY--PERSONAL NAME | |
| Personal name | Horsfall, J. G. |
| Personal name | Dimond, A.E. |
| 942 ## - ADDED ENTRY ELEMENTS (KOHA) | |
| Source of classification or shelving scheme | Dewey Decimal Classification |
| Koha item type | Books |
| Lost status | Source of classification or shelving scheme | Damaged status | Not for loan | Collection code | Permanent Location | Current Location | Shelving location | Date acquired | Source of acquisition | Cost, normal purchase price | Total Checkouts | Full call number | Date last seen | Copy number | Koha item type |
|---|---|---|---|---|---|---|---|---|---|---|---|---|---|---|---|
| Dewey Decimal Classification | Not For Loan | Non-fiction | Central Library, University of Rajshahi | Central Library, University of Rajshahi | Reading Room | 01/10/1965 | zeitlinger | 1761.00 | 571.92 PLA V-3 1960 | 04/04/2017 | c-1 | Books | |||
| Dewey Decimal Classification | Non-fiction | Central Library, University of Rajshahi | Central Library, University of Rajshahi | 20/02/1963 | Zeitlinger | 176.00 | 571.92 PLA V-3 1960 | 23/12/2018 | C-2 | Books |